| 000 | 00607nam a2200229Ia 4500 | ||
|---|---|---|---|
| 003 | OSt | ||
| 005 | 20220916111030.0 | ||
| 006 | a|||||r|||| 00| 0 | ||
| 007 | ta | ||
| 008 | 220915b |||||||| |||| 00| 0 eng d | ||
| 024 | _a123987 | ||
| 037 | _cTextbook | ||
| 040 |
_beng _aARTS _cARTS |
||
| 041 | _aeng | ||
| 082 | _aV641:1903:N0, D9 (906) | ||
| 100 | _aMorel ED | ||
| 245 | 0 | _aGreat Britain and the Congo : The Pillage of the Congo Basin | |
| 260 |
_aNA _bNA |
||
| 650 | _aHISTORY | ||
| 942 |
_hV641:1903:N0, D9 (906) _cTB _2CC |
||
| 999 |
_c103968 _d103968 |
||